Introduction to Vector Analysis (Record no. 25946)
[ view plain ]
| 000 -LEADER | |
|---|---|
| fixed length control field | 00294nam a2200133Ia 4500 |
| 082 ## - DEWEY DECIMAL CLASSIFICATION NUMBER | |
| Classification number | 515.63 |
| Item number | DAV/SNI |
| 100 ## - MAIN ENTRY--PERSONAL NAME | |
| Personal name | Davis/ H.F/ Snider /A.D |
| 245 ## - TITLE STATEMENT | |
| Title | Introduction to Vector Analysis |
| 260 ## - PUBLICATION, DISTRIBUTION, ETC. | |
| Name of publisher, distributor, etc. | Universal Book Stall |
| 300 ## - PHYSICAL DESCRIPTION | |
| Extent | 365 |
| 546 ## - LANGUAGE NOTE | |
| Language note | ENGLISH |
| 942 ## - ADDED ENTRY ELEMENTS (KOHA) | |
| Koha item type | BOOK |
| Withdrawn status | Lost status | Damaged status | Not for loan | Collection | Home library | Current library | Shelving location | Date acquired | Cost, normal purchase price | Total Checkouts | Full call number | Barcode | Date last seen | Cost, replacement price | Price effective from | Koha item type |
|---|---|---|---|---|---|---|---|---|---|---|---|---|---|---|---|---|
| CRC | Fr. Agnel's C.Rodrigues College of Engineering | Fr. Agnel's C.Rodrigues College of Engineering | 17/03/2023 | 50.00 | 515.63 DAV/SNI | 2820 | 17/03/2023 | 50.00 | 17/03/2023 | BOOK |